[Event "10th ECC w"]
[Site "Saint Vincent ITA"]
[Date "2005.09.19"]
[Round "2"]
[White "Todorovic,O"]
[Black "Gara,A"]
[Result "0-1"]
[WhiteElo "2051"]
[BlackElo "2372"]
[EventDate "2005.09.18"]

1. e4 c5 2. Nc3 Nc6 3. f4 g6 4. Nf3 Bg7 5. Bc4 e6 6. O-O Nge7 7. Qe1 O-O 8.
d3 d5 9. Bb3 b5 10. Nxb5 Qb6 11. c4 dxe4 12. dxe4 Na5 13. e5 a6 14. Nd6
Nxb3 15. axb3 Qxb3 16. Qf2 Nf5 17. Qxc5 Nxd6 18. exd6 Bb7 19. Ra3 Qc2 20.
d7 Rfd8 21. Qc7 Be4 22. Be3 Bf6 23. b4 Qb2 24. Ra5 Qxb4 25. Bd4 Bxd4+ 26.
Nxd4 Rxd7 27. Qxd7 Qxa5 28. Nf3 Qc5+ 29. Qd4 Qxd4+ 30. Nxd4 a5 31. c5 Kf8
32. Re1 Bd5 33. Rb1 Ke7 34. c6 Kd6 35. Rc1 Rc8 36. Nb5+ Ke7 37. Nd4 a4 38.
Rc3 Kd8 39. Ra3 Ra8 40. Rc3 a3 41. c7+ Kc8 42. Rc1 a2 43. Nc2 Kxc7 44. Kf2
Kd6 45. g4 Rc8 0-1

[Event "10th ECC w"]
[Site "Saint Vincent ITA"]
[Date "2005.09.19"]
[Round "2"]
[White "Gaponenko,I"]
[Black "Cramling,P"]
[Result "1/2-1/2"]
[WhiteElo "2439"]
[BlackElo "2494"]
[EventDate "2005.09.18"]

1. e4 c5 2. c3 Nf6 3. e5 Nd5 4. Nf3 e6 5. d4 cxd4 6. cxd4 d6 7. Bc4 Nb6 8.
Bb3 dxe5 9. Nxe5 Nc6 10. Nf3 Be7 11. Nc3 Bf6 12. Be3 Na5 13. Bc2 Nac4 14.
Qe2 Bd7 15. Bd3 Rc8 16. O-O O-O 17. Ne4 Be7 18. Ne5 Nxe3 19. fxe3 Be8 20.
Rac1 Rxc1 21. Rxc1 Nd5 22. Nc3 Bg5 23. Nxd5 exd5 24. Nf3 Bh6 25. Rc3 Bd7
26. Ne5 Be6 27. Bc2 Re8 28. Qb5 Re7 29. Qc5 a6 30. Bb3 g6 31. h3 Bf8 32.
Qa7 f6 33. Nf3 Bf7 34. Kf2 Rd7 35. a4 Bd6 36. Bd1 Kg7 37. Rb3 Qc7 38. Rc3
Bg3+ 39. Kf1 Qd8 40. Rb3 Qe8 41. Qc5 Rc7 42. Qa5 Rc1 43. Ke2 Qd7 44. Qd2
Rc8 45. Qb4 Rc7 46. Rc3 Bd6 47. Qb3 Rc8 48. Rxc8 Qxc8 49. Bc2 Bb8 50. Bd3
Qd7 51. Qc2 Be8 52. b3 Qe7 53. Kf2 Bd7 54. Qc5 Qxc5 55. dxc5 Ba7 56. b4
Bxa4 57. Nd4 Kf7 58. Be2 Ke7 59. Bf3 Bc6 60. Nxc6+ bxc6 61. Be2 a5 62. bxa5
Bxc5 63. Bd3 Kd6 64. Kf3 Ke5 65. a6 f5 66. g4 h6 67. gxf5 gxf5 68. Bc2 Ba7
69. Bd3 c5 70. Bc2 c4 71. Bb1 Kf6 72. Bc2 Kg5 73. Bb1 h5 74. Bc2 h4 75. Bb1
Kf6 76. Bc2 Ke5 1/2-1/2

[Event "10th ECC w"]
[Site "Saint Vincent ITA"]
[Date "2005.09.19"]
[Round "2"]
[White "Maric,A"]
[Black "Bojkovic,N"]
[Result "1/2-1/2"]
[WhiteElo "2415"]
[BlackElo "2386"]
[EventDate "2005.09.18"]

1. d4 Nf6 2. Nf3 e6 3. c4 b6 4. g3 Ba6 5. b3 Bb4+ 6. Bd2 Be7 7. Nc3 O-O 8.
Rc1 d5 9. cxd5 Nxd5 10. Bg2 Ba3 11. Rb1 Bb7 12. O-O Be7 13. Qc2 Nb4 14. Qb2
a5 15. Rfd1 Nd7 16. Rbc1 Nf6 17. Bf4 Bd6 18. Bxd6 cxd6 19. Qb1 Rc8 20. Ne1
Bxg2 1/2-1/2

[Event "10th ECC w"]
[Site "Saint Vincent ITA"]
[Date "2005.09.19"]
[Round "2"]
[White "Peptan,C"]
[Black "Vasilevich,T"]
[Result "1-0"]
[WhiteElo "2411"]
[BlackElo "2393"]
[EventDate "2005.09.18"]

1. e4 c5 2. Nf3 e6 3. c3 d5 4. exd5 Qxd5 5. d4 Nf6 6. Bd3 Be7 7. O-O O-O 8.
Qe2 Nc6 9. dxc5 Qxc5 10. Nbd2 b6 11. Rd1 Bb7 12. Nf1 Nb8 13. Bf4 Nbd7 14.
Ng3 Rad8 15. Rac1 Bxf3 16. Qxf3 Ne5 17. Bxe5 Qxe5 18. Rc2 Nd5 19. Ne2 Bf6
20. a3 Qc7 21. g3 Be5 22. Rcd2 g6 23. Bc2 Ne7 24. Nd4 a5 25. Bb3 Qb8 26.
Qe4 Kh8 27. Nxe6 Rxd2 28. Nxf8 Rxd1+ 29. Bxd1 Qd6 30. Ba4 Qd5 31. Qxd5 Nxd5
32. Nd7 Bc7 33. Bb3 Ne7 34. Nf6 Bd8 35. Ne8 f5 36. f4 h6 37. Kf2 Kh7 38. h4
g5 39. h5 gxf4 40. gxf4 Nc6 41. Be6 Bh4+ 42. Ke3 Ne7 43. Kd4 Bf2+ 44. Ke5
Be3 45. Bxf5+ Nxf5 46. Kxf5 Bc1 47. a4 Bxb2 48. c4 Bc3 49. Ke6 Kg8 50. f5
Kf8 51. Nf6 Bd4 52. Nd7+ Kg8 53. f6 1-0

[Event "10th ECC w"]
[Site "Saint Vincent ITA"]
[Date "2005.09.19"]
[Round "2"]
[White "Prudnikova,S"]
[Black "Benderac,A"]
[Result "1-0"]
[WhiteElo "2370"]
[BlackElo "2289"]
[EventDate "2005.09.18"]

1. c4 Nf6 2. Nf3 e6 3. d4 d5 4. e3 Nbd7 5. Nc3 c6 6. Bd3 Be7 7. e4 dxe4 8.
Nxe4 Nxe4 9. Bxe4 Nf6 10. Bc2 c5 11. O-O O-O 12. Qd3 g6 13. Bg5 cxd4 14.
Rfd1 a6 15. Ne5 Nd7 16. Nxd7 Qxd7 17. Bxe7 Qxe7 18. Qxd4 e5 19. Qb6 Bg4 20.
f3 Be6 21. b3 Rab8 22. Rd6 Rfd8 23. Rad1 Rxd6 24. Qxd6 Qxd6 25. Rxd6 b6 26.
Kf2 a5 27. Ke3 Kf8 28. f4 exf4+ 29. Kxf4 Ke7 30. Rc6 b5 31. c5 a4 32. Ke5
f6+ 33. Kd4 Rd8+ 34. Kc3 axb3 35. Bxb3 Bd5 36. Rc7+ Ke6 37. Rxh7 Bc4 38.
Bxc4+ bxc4 39. c6 Rc8 40. c7 Kd5 41. h4 f5 42. a4 Re8 43. Rd7+ Kc6 44. Re7
Ra8 45. a5 Kb5 46. g3 Kxa5 47. Kxc4 Kb6 48. Kd5 Ra5+ 49. Ke6 Kb7 50. Kf7
Ra6 51. Re6 Ra4 52. Kxg6 f4 53. gxf4 Rxf4 54. Rc6 1-0

[Event "10th ECC w"]
[Site "Saint Vincent ITA"]
[Date "2005.09.19"]
[Round "2"]
[White "Alexandrova,O"]
[Black "Shadrina,T"]
[Result "1-0"]
[WhiteElo "2397"]
[BlackElo "2384"]
[EventDate "2005.09.18"]

1. d4 d5 2. c4 c6 3. e3 Nf6 4. Nc3 e6 5. Nf3 Nbd7 6. Qc2 Bd6 7. Bd3 O-O 8.
O-O dxc4 9. Bxc4 a6 10. Rd1 c5 11. dxc5 Bxc5 12. Bd3 Qe7 13. b3 b6 14. Bb2
Bb7 15. Ng5 h6 16. Nge4 Rac8 17. Qe2 Nxe4 18. Nxe4 Qh4 19. f3 Rfd8 20. Nxc5
Nxc5 21. Bc2 a5 22. Rd4 Rxd4 23. Bxd4 Ba6 24. Qd2 Qg5 25. Rd1 Bb7 26. e4
Qe7 27. Be3 e5 28. Bb1 Rc6 29. Qd8+ Qxd8 30. Rxd8+ Kh7 31. Kf2 Ba6 32. Rd5
f6 33. f4 exf4 34. Bxf4 Kg8 35. e5 Kf7 36. exf6 Rxf6 37. Ke3 Bb7 38. Rf5
Bxg2 39. Bc7 Nd7 40. Bd8 Bh3 41. Rxf6+ gxf6 42. Kd4 Be6 43. Kc3 f5 44. Kd4
Kg6 45. Bd3 a4 46. bxa4 Bxa2 47. Bb5 Be6 48. Bc6 Kh5 49. Bf3+ Kg6 50. Bd1
Ba2 51. Bc2 Be6 52. Bd1 Ba2 53. h4 Kf7 54. Bc7 Be6 55. Bf4 Kg6 56. h5+ Kg7
57. Bc2 Kh7 58. Bc7 Kg7 59. Bd8 Kf7 60. Ke3 Nf6 61. Kd4 Nd7 62. Bh4 Kg7 63.
Ke3 Nc5 64. Bd8 Bd7 65. Bxb6 Nxa4 66. Bd4+ Kf7 67. Kf4 Ke7 68. Ke5 Be8 69.
Bd1 f4 70. Kxf4 Ke6 71. Bf3 Kd6 72. Bg7 Nb6 73. Bxh6 Ke6 74. Bg7 Kf7 75. h6
Nd7 76. Kg5 Kg8 77. Bc6 Nf6 78. Bxe8 Nxe8 79. Be5 Kh7 80. Kh5 Kg8 1-0

[Event "10th ECC w"]
[Site "Saint Vincent ITA"]
[Date "2005.09.19"]
[Round "2"]
[White "Danielian,E"]
[Black "Slavina,I"]
[Result "1/2-1/2"]
[WhiteElo "2433"]
[BlackElo "2391"]
[EventDate "2005.09.18"]

1. d4 Nf6 2. Nf3 e6 3. e3 c5 4. c4 d5 5. Nc3 dxc4 6. Bxc4 a6 7. O-O b5 8.
Bb3 Bb7 9. Qe2 Nbd7 10. Rd1 Qb8 11. e4 cxd4 12. Nxd4 Bd6 13. Nf3 Ne5 14.
Nxe5 Bxe5 15. f4 Bxf4 16. Bxf4 Qxf4 17. Nxb5 Nxe4 18. Rf1 Qe5 19. Nc3 Qc5+
20. Kh1 Nxc3 21. bxc3 O-O 22. Rf4 Bd5 23. c4 Bc6 24. Bc2 Rad8 25. Raf1 g6
26. Rh4 Qg5 27. Rhf4 e5 28. R4f2 Rd4 29. Bb3 Rh4 30. Kg1 e4 31. Rf6 Bb7 32.
c5 Qxc5+ 33. Qf2 e3 34. Qxh4 e2+ 35. Kh1 exf1=Q+ 36. Rxf1 Bd5 37. Bxd5 Qxd5
38. Qf2 a5 39. h3 Rb8 40. Qc2 Re8 41. Rd1 Qe4 42. Qc7 a4 43. a3 Qe6 44. Rd4
Qb3 45. Rd8 Qe3 46. Rxe8+ Qxe8 47. Qf4 h5 48. Kh2 Qb5 49. Qd6 Kg7 50. h4
Qb3 51. Qe5+ Kf8 52. Qd6+ Ke8 53. Qc6+ Ke7 54. Qc7+ Ke6 55. Qc5 Qd1 56.
Qc4+ Kf6 57. Qf4+ Kg7 58. Qe5+ Kh7 59. Qf4 Qb3 60. Qd6 Qc4 61. Qf6 Kg8 62.
Qd8+ Kg7 63. Qe7 Qf4+ 64. Kh1 g5 65. hxg5 Kg6 66. Qc5 h4 67. Kg1 Kh5 68.
Qe7 Kg4 69. Qe2+ Kxg5 70. Qe7+ Kg6 71. Qc5 f6 72. Qc2+ f5 73. Qc5 Qe4 74.
Qf8 Kg5 75. Qg7+ Kf4 76. Qc7+ Ke3 77. Qc5+ Kd3 78. Kh2 Kd2 79. Qd6+ Kc3 80.
Qb8 Qg4 81. Qb5 Qf4+ 82. Kh1 Qc1+ 83. Kh2 Qxa3 84. Qe5+ Kd2 85. Qf4+ Ke2
86. Qe5+ Qe3 87. Qb5+ Kf2 88. Qxf5+ Ke1 1/2-1/2

[Event "10th ECC w"]
[Site "Saint Vincent ITA"]
[Date "2005.09.19"]
[Round "2"]
[White "Korbut,E"]
[Black "Khurtsidze,N"]
[Result "1-0"]
[WhiteElo "2409"]
[BlackElo "2449"]
[EventDate "2005.09.18"]

1. e4 c5 2. Nf3 e6 3. d4 cxd4 4. Nxd4 a6 5. Bd3 Qb6 6. Be3 Bc5 7. c3 Nc6 8.
Nd2 Nxd4 9. Nc4 Nc2+ 10. Qxc2 Qc7 11. Bxc5 Qxc5 12. e5 Ne7 13. b4 Qc7 14.
Nd6+ Kf8 15. Qd2 Ng6 16. f4 f5 17. O-O h5 18. Bxf5 Ne7 19. Be4 Kg8 20. f5
exf5 21. Qg5 Qxc3 22. Qxe7 Qe3+ 23. Kh1 fxe4 24. Nf5 1-0

[Event "10th ECC w"]
[Site "Saint Vincent ITA"]
[Date "2005.09.19"]
[Round "2"]
[White "Sudakova,I"]
[Black "Gasparian,N"]
[Result "1-0"]
[WhiteElo "2360"]
[BlackElo "2227"]
[EventDate "2005.09.18"]

1. e4 c5 2. Nf3 e6 3. d4 cxd4 4. Nxd4 Nc6 5. Nc3 a6 6. Be2 Qc7 7. f4 b5 8.
Nxc6 Qxc6 9. Bf3 Bb7 10. Be3 Qc7 11. O-O Ne7 12. Qd2 Nc6 13. Rad1 Na5 14.
Qf2 Nc4 15. Bd4 Nxb2 16. Nd5 exd5 17. Rde1 O-O-O 18. Bxb2 Bc5 19. Bd4 Bxd4
20. Qxd4 Qc4 21. Qa7 dxe4 22. Be2 Qc6 23. a4 d6 24. axb5 axb5 25. Qa5 Qc5+
26. Kh1 b4 27. Qa2 Rd7 28. Qb2 Qc3 29. Qxc3+ bxc3 30. Bg4 Kd8 31. Bxd7 Kxd7
32. Re3 Rc8 33. Rb1 Bd5 34. Ra1 f5 35. Ra3 g5 36. g3 gxf4 37. gxf4 Rg8 38.
h3 Ba8 39. Kh2 d5 40. Rexc3 d4 41. Rg3 Rc8 42. Ra4 Rxc2+ 43. Rg2 Rc8 44.
Rxd4+ Ke6 45. Rgd2 Rc6 46. Rd5 Ra6 47. Re5+ Kf6 48. Rd8 Ra3 49. Rf8+ Kg6
50. Rfxf5 e3 51. Rf8 Bf3 52. Rg5+ 1-0

[Event "10th ECC w"]
[Site "Saint Vincent ITA"]
[Date "2005.09.20"]
[Round "3"]
[White "Fominykh,M"]
[Black "Gara,T"]
[Result "1-0"]
[WhiteElo "2335"]
[BlackElo "2288"]
[EventDate "2005.09.18"]

1. Nf3 Nf6 2. g3 g6 3. Bg2 Bg7 4. O-O O-O 5. d4 d5 6. c3 Nbd7 7. a4 a5 8.
Na3 b6 9. Ne5 Bb7 10. Nac4 Rb8 11. Ne3 Nxe5 12. dxe5 Nd7 13. Nxd5 e6 14.
Nf6+ Nxf6 15. Qxd8 Rfxd8 16. Bxb7 Nd7 17. Bg5 Rf8 18. Bg2 Nxe5 19. Rad1 h6
20. Bc1 Rfd8 21. f4 Nc4 22. Rd3 Rxd3 23. exd3 Nd6 24. Bc6 Nf5 25. d4 Ne7
26. Be4 Rd8 27. Be3 Nd5 28. Bf2 Kf8 29. Re1 Nf6 30. Bf3 h5 31. Kg2 Nd5 32.
Be4 Nf6 33. Bc2 Nd5 34. Kf3 Rd7 35. h3 Nf6 36. g4 Rd8 37. Bh4 Rd7 38. Re2
hxg4+ 39. hxg4 c6 40. f5 exf5 41. gxf5 gxf5 42. Bxf5 Rd5 43. Re5 Rxe5 44.
dxe5 Ne8 45. Ke4 f6 46. Bd7 fxe5 47. Bxc6 Nd6+ 48. Kd5 Nc8 49. Ke6 Bh6 50.
Bd7 Na7 51. Kxe5 Bc1 52. b3 Bb2 53. Ke6 Bxc3 54. Bf2 b5 55. axb5 1-0

[Event "10th ECC w"]
[Site "Saint Vincent ITA"]
[Date "2005.09.20"]
[Round "3"]
[White "Gara,A"]
[Black "Grabuzova,T"]
[Result "0-1"]
[WhiteElo "2372"]
[BlackElo "2332"]
[EventDate "2005.09.18"]

1. e4 e6 2. d4 d5 3. e5 c5 4. c3 Nc6 5. Nf3 Qb6 6. a3 Nh6 7. b4 cxd4 8.
cxd4 Nf5 9. Bb2 Be7 10. h4 Bd7 11. g4 Nh6 12. Rg1 Rc8 13. Bd3 Na5 14. Nbd2
Nc4 15. Bxc4 dxc4 16. Rc1 Qa6 17. Ne4 Bc6 18. Nc5 Qb5 19. Bc3 Bd5 20. Qe2
Qc6 21. Nd2 Bxh4 22. b5 Qxb5 23. g5 Nf5 24. Rb1 Qc6 25. Rxb7 h6 26. g6 fxg6
27. Rxg6 O-O 28. Qg4 Bg5 29. f4 Qe8 30. Qxf5 Bh4+ 31. Kd1 Rxf5 32. Rgxg7+
Kf8 33. Rxa7 Rf7 34. Rgxf7+ Qxf7 35. Rxf7+ Kxf7 36. Nde4 Bxe4 37. Nxe4 Be7
38. a4 Rb8 39. a5 Rb3 40. Kc2 h5 41. Nd2 h4 42. d5 h3 43. Nf1 exd5 44. f5
Bc5 45. e6+ Ke7 46. Be5 Rf3 47. Ng3 h2 48. Nh1 Rf1 0-1

[Event "10th ECC w"]
[Site "Saint Vincent ITA"]
[Date "2005.09.20"]
[Round "3"]
[White "Pogonina,N"]
[Black "Medvegy,N"]
[Result "1/2-1/2"]
[WhiteElo "2413"]
[BlackElo "2387"]
[EventDate "2005.09.18"]

1. e4 c5 2. Nf3 Nc6 3. d4 cxd4 4. Nxd4 Nf6 5. Nc3 e5 6. Ndb5 d6 7. a4 a6 8.
Na3 Bg4 9. Be2 Bxe2 10. Qxe2 d5 11. exd5 Nxd5 12. Nxd5 Qxd5 13. O-O Bc5 14.
c3 O-O 15. b4 Ba7 16. Bb2 Rfd8 17. b5 Na5 18. c4 Qe6 19. Qxe5 Qxe5 20. Bxe5
Rac8 21. Rad1 Rxd1 22. Rxd1 f6 23. Bb2 Bc5 24. g3 Rc7 25. Rd5 Bxa3 26. Bxa3
Nxc4 27. Bb4 axb5 28. Rxb5 Kf7 1/2-1/2

[Event "10th ECC w"]
[Site "Saint Vincent ITA"]
[Date "2005.09.20"]
[Round "3"]
[White "Kosintseva,T"]
[Black "Todorovic,O"]
[Result "1-0"]
[WhiteElo "2477"]
[BlackElo "2051"]
[EventDate "2005.09.18"]

1. e4 c6 2. d4 d5 3. exd5 cxd5 4. c4 Nf6 5. Nc3 Nc6 6. Bg5 e6 7. Nf3 Be7 8.
Bd3 dxc4 9. Bxc4 Nd5 10. Be3 Nxe3 11. fxe3 O-O 12. O-O a6 13. Bd3 b5 14.
Rc1 Bb7 15. a4 bxa4 16. Nxa4 Nb4 17. Bb1 Nd5 18. Qd3 g6 19. e4 Nf6 20. Qe3
Kg7 21. Nc5 Rb8 22. Ne5 Bxc5 23. dxc5 Qc7 24. Qc3 Nxe4 25. Bxe4 Bxe4 26.
Nxf7+ e5 27. Nxe5 Bf5 28. Ng4+ 1-0

[Event "10th ECC w"]
[Site "Saint Vincent ITA"]
[Date "2005.09.20"]
[Round "3"]
[White "Todorovic,V"]
[Black "Kursova,M"]
[Result "0-1"]
[WhiteElo "2109"]
[BlackElo "2313"]
[EventDate "2005.09.18"]

1. Nf3 c5 2. c4 Nf6 3. Nc3 e6 4. e3 Be7 5. d4 cxd4 6. exd4 d6 7. Bd3 O-O 8.
O-O Nbd7 9. b3 a6 10. Bb2 b6 11. Qe2 Bb7 12. Rfe1 Re8 13. Ng5 Nf8 14. d5
exd5 15. cxd5 h6 16. Nge4 Ng6 17. Ng3 Nf4 18. Qf3 Nxd3 19. Qxd3 Bf8 20. Nf5
Qd7 21. Qf3 Rxe1+ 22. Rxe1 Re8 23. Rd1 Qd8 24. h3 g6 25. Ne3 Bg7 26. Ne2
Nxd5 27. Rd2 Bxb2 28. Rxb2 Qg5 29. Nxd5 Bxd5 30. Qg3 Qxg3 31. Nxg3 Re1+ 32.
Nf1 Bc6 33. a4 b5 34. Rc2 Be8 35. a5 b4 36. f3 Bb5 37. Rf2 Kg7 38. g3 Kf6
39. Kg2 Bxf1+ 40. Rxf1 Rxf1 41. Kxf1 Ke5 42. Ke2 Kd4 43. Kd2 f6 44. h4 f5
45. g4 f4 0-1

[Event "10th ECC w"]
[Site "Saint Vincent ITA"]
[Date "2005.09.20"]
[Round "3"]
[White "Adriaans,M"]
[Black "Javakhishvili,L"]
[Result "0-1"]
[WhiteElo "2033"]
[BlackElo "2410"]
[EventDate "2005.09.18"]

1. d4 Nf6 2. c4 e6 3. Nf3 b6 4. g3 Ba6 5. b3 Bb4+ 6. Bd2 Be7 7. Nc3 O-O 8.
Bg2 c6 9. O-O d5 10. cxd5 cxd5 11. Ne5 Nfd7 12. Re1 Nxe5 13. dxe5 Nc6 14.
f4 Rc8 15. e4 d4 16. Ne2 d3 17. Nc3 Nd4 18. Rb1 Ne2+ 19. Nxe2 dxe2 20. Rxe2
Bxe2 21. Qxe2 Rc2 22. Rd1 Qd4+ 23. Be3 Rxe2 24. Rxd4 0-1

[Event "10th ECC w"]
[Site "Saint Vincent ITA"]
[Date "2005.09.20"]
[Round "3"]
[White "Dzagnidze,N"]
[Black "Schuurman,P"]
[Result "1-0"]
[WhiteElo "2438"]
[BlackElo "2266"]
[EventDate "2005.09.18"]

1. Nf3 Nf6 2. g3 g6 3. c4 c5 4. Bg2 Nc6 5. d4 cxd4 6. Nxd4 Bg7 7. Nc3 O-O
8. O-O d6 9. Nxc6 bxc6 10. Bxc6 Rb8 11. Bg2 Qa5 12. Qa4 Qxa4 13. Nxa4 Bg4
14. Be3 Bxe2 15. Rfe1 Bxc4 16. Bxa7 Rb4 17. b3 Bd5 18. Nb6 Bxg2 19. Kxg2 e6
20. Rab1 Rd8 21. a3 Re4 22. a4 d5 23. a5 Rxe1 24. Rxe1 Ne4 25. Rc1 Nc3 26.
a6 d4 27. Bb8 Rxb8 28. a7 Rd8 29. Ra1 Bf6 30. Nd7 Rxd7 31. a8=Q+ Kg7 32.
Qc6 Rd5 33. Ra7 Rf5 34. Qxe6 Be5 35. Rxf7+ 1-0

[Event "10th ECC w"]
[Site "Saint Vincent ITA"]
[Date "2005.09.20"]
[Round "3"]
[White "Muhren,B"]
[Black "Lomineishvili,M"]
[Result "1/2-1/2"]
[WhiteElo "2269"]
[BlackElo "2420"]
[EventDate "2005.09.18"]

1. e4 c5 2. Nf3 Nc6 3. d4 cxd4 4. Nxd4 Nf6 5. Nc3 d6 6. Bg5 e6 7. Qd2 a6 8.
O-O-O Nxd4 9. Qxd4 Be7 10. h4 Bd7 11. f3 Qc7 12. Kb1 b5 13. Qd2 Rc8 14. Bd3
b4 15. Ne2 a5 16. g4 a4 17. Bxf6 gxf6 18. g5 Qc5 19. f4 Bc6 20. Rh3 Qb6 21.
h5 fxg5 22. fxg5 Qc5 23. Rg3 a3 24. g6 hxg6 25. hxg6 axb2 26. Qf4 fxg6 27.
Rxg6 Rh4 28. Qf3 Kd7 29. Qf7 Qe5 30. Bc4 Rf8 31. Bxe6+ Kd8 32. Rg8 Rh8 33.
Rxh8 Qxh8 34. Qg6 Qe5 35. Bf5 Kc7 36. Nd4 Ra8 37. Qf7 Kb6 38. Nxc6 Kxc6 39.
Qd5+ Qxd5 40. exd5+ Kc5 41. Kxb2 Bf6+ 42. Kb1 Bc3 43. Be6 Rh8 44. Bg4 Rh2
45. Bf5 Bd4 46. Be6 Rf2 47. Bg8 Bc3 48. Be6 Rg2 49. Bf7 Rh2 50. Bg8 b3 51.
cxb3 Rb2+ 52. Kc1 Rxa2 53. Bh7 Kb4 54. Bc2 Ra1+ 55. Bb1 Kxb3 56. Rh1 Ra5
57. Rh2 Ra7 58. Rg2 Bd4 59. Rh2 Be3+ 60. Kd1 Ra1 61. Rh3 Rxb1+ 62. Ke2 Kc4
63. Rxe3 Rb2+ 64. Kd1 Kxd5 65. Rd3+ Ke5 66. Re3+ Kd4 67. Rh3 d5 68. Rh4+
Kc3 69. Rh3+ Kc4 70. Rg3 d4 71. Rh3 Rg2 72. Rf3 Rh2 73. Rg3 Kd5 74. Rg5+
Ke4 75. Rg4+ Ke3 76. Rg3+ Kf4 77. Rd3 Ke4 78. Ra3 d3 79. Ra8 1/2-1/2

[Event "10th ECC w"]
[Site "Saint Vincent ITA"]
[Date "2005.09.20"]
[Round "3"]
[White "Lahno,Kateri"]
[Black "Cramling,P"]
[Result "0-1"]
[WhiteElo "2498"]
[BlackElo "2494"]
[EventDate "2005.09.18"]

1. e4 c5 2. Nf3 e6 3. d4 cxd4 4. Nxd4 a6 5. Be2 Nf6 6. Nc3 Bb4 7. O-O d6 8.
Qd3 O-O 9. Bg5 Nbd7 10. Nb3 h6 11. Bh4 Qb6 12. Rad1 Ne5 13. Qg3 Nh7 14. a3
Bxc3 15. Qxc3 Ng6 16. Bg3 e5 17. Na5 Be6 18. Qb4 Qc7 19. Rxd6 Qxc2 20. Bh5
Nf4 21. Bxf4 exf4 22. Bd1 Qc7 23. e5 Rae8 24. h4 Re7 25. Bf3 Bc8 26. Nc4 a5
27. Qc3 Rfe8 28. Qd4 Nf8 29. Qxf4 Ng6 30. Rxg6 fxg6 31. Nd6 Rf8 32. Qg3 Bf5
33. Bxb7 Qc5 34. Re1 Rb8 35. Ba6 Rxb2 36. h5 Kh8 37. hxg6 Bxg6 38. Re3 Qc2
39. Qf4 Qd1+ 40. Kh2 Qh5+ 41. Kg3 Kh7 42. Bc4 Rb8 43. Be2 Qh1 44. e6 Qb1
45. Qh4 Rc7 46. e7 Rb3 47. Nc4 0-1

[Event "10th ECC w"]
[Site "Saint Vincent ITA"]
[Date "2005.09.20"]
[Round "3"]
[White "Maric,A"]
[Black "Kovalevskaya,E"]
[Result "1/2-1/2"]
[WhiteElo "2415"]
[BlackElo "2471"]
[EventDate "2005.09.18"]

1. d4 g6 2. Nf3 Bg7 3. c4 d6 4. e4 Nd7 5. Nc3 e5 6. Be2 Ngf6 7. d5 Nc5 8.
Qc2 a5 9. Bg5 O-O 10. Nd2 h6 11. Bh4 g5 12. Bg3 Bd7 13. O-O c6 14. Kh1 Rc8
15. dxc6 bxc6 16. Nb3 Ncxe4 17. Nxe4 Nxe4 18. Qxe4 a4 19. Nd2 f5 20. Qd3 f4
21. Qxd6 Bg4 22. Qxd8 Rcxd8 23. Bxg4 Rxd2 24. Bf3 fxg3 25. hxg3 c5 26. Bc6
Rxb2 27. Bxa4 e4 28. Bc6 Rbxf2 29. Rxf2 Rxf2 30. Re1 Bd4 31. Bxe4 Rxa2 32.
g4 Bf2 33. Rf1 Bg3 34. Kg1 Kg7 35. Bd5 Rd2 36. Rc1 Kf6 37. Kf1 Rf2+ 38. Kg1
Rb2 39. Kf1 Ke5 40. Rc3 Kf4 41. Bf3 Bh4 42. Bd1 Rf2+ 43. Kg1 Rb2 44. Kf1
Rf2+ 45. Kg1 Rb2 46. Kf1 Rf2+ 1/2-1/2

[Event "10th ECC w"]
[Site "Saint Vincent ITA"]
[Date "2005.09.20"]
[Round "3"]
[White "Peptan,C"]
[Black "Mkrtchian,L"]
[Result "1/2-1/2"]
[WhiteElo "2411"]
[BlackElo "2447"]
[EventDate "2005.09.18"]

1. e4 e6 2. d4 d5 3. Nd2 Be7 4. Ngf3 Nf6 5. Bd3 c5 6. exd5 Qxd5 7. Bc4 Qd6
8. dxc5 Qxc5 9. Qe2 a6 10. O-O O-O 11. b3 b5 12. Bd3 Bb7 13. Bb2 Nbd7 14.
Rfe1 Qh5 15. a4 b4 16. Ne5 Qxe2 17. Rxe2 Nc5 18. Bc4 Rfd8 19. Rae1 Nd5 20.
Bxd5 Bxd5 21. Nec4 Nd7 22. Ne3 Bc6 23. Ndc4 Bf6 24. Bxf6 Nxf6 25. Ne5 Bb7
26. Nd3 a5 27. Nc5 Bc6 28. Nc4 Ra7 29. Nd3 Bd5 30. Nde5 Kf8 31. Rd2 Ra6 32.
f3 Rc8 33. Kf2 Rc7 34. Red1 Ke7 35. Ne3 Rc5 36. Nd3 Rc7 37. Nf4 Rac6 38. g4
h6 39. h4 g5 40. hxg5 hxg5 41. Nfxd5+ Nxd5 42. Rxd5 exd5 43. Nxd5+ Ke6 44.
Nxc7+ Rxc7 45. Rd2 Rc3 46. Re2+ Kd6 47. Kg3 f6 48. Kg2 Kd5 49. Rd2+ Ke5 50.
Kg3 Ke6 51. Re2+ Kd5 52. Kf2 Kd6 53. Rd2+ Ke6 54. Re2+ 1/2-1/2

[Event "10th ECC w"]
[Site "Saint Vincent ITA"]
[Date "2005.09.20"]
[Round "3"]
[White "Gaponenko,I"]
[Black "Demina,J"]
[Result "1/2-1/2"]
[WhiteElo "2439"]
[BlackElo "2298"]
[EventDate "2005.09.18"]

1. e4 c5 2. Nf3 d6 3. d4 Nf6 4. Nc3 cxd4 5. Nxd4 a6 6. Be2 e5 7. Nb3 Be7 8.
Bg5 Be6 9. Bxf6 Bxf6 10. O-O O-O 11. Qd3 Be7 12. Rfd1 Nd7 13. Nd5 Bxd5 14.
Qxd5 Qc7 15. c3 Nb6 16. Qd3 Rfd8 17. a4 Rac8 18. Qc2 Nd7 19. Bg4 Rb8 20.
Bxd7 Rxd7 21. Rd5 g6 22. Nd2 Qc6 23. Qb3 Kg7 24. Nc4 b5 25. axb5 axb5 26.
Ne3 Bg5 27. Nc2 f5 28. Nb4 Qc4 29. Qxc4 bxc4 30. exf5 gxf5 31. Rad1 Rbb7
32. g3 f4 33. gxf4 Bxf4 34. Rxd6 Rxd6 35. Rxd6 Bc1 36. Rc6 Bxb2 37. Rxc4
Bxc3 38. Rxc3 1/2-1/2

[Event "10th ECC w"]
[Site "Saint Vincent ITA"]
[Date "2005.09.20"]
[Round "3"]
[White "Korbut,E"]
[Black "Vasilevich,T"]
[Result "1/2-1/2"]
[WhiteElo "2409"]
[BlackElo "2393"]
[EventDate "2005.09.18"]

1. e4 c5 2. Nf3 a6 3. c4 e6 4. Nc3 Qc7 5. d4 cxd4 6. Nxd4 Nf6 7. Bd3 Nc6 8.
Be3 Ne5 9. Qe2 Nxd3+ 10. Qxd3 Ng4 11. b3 Nxe3 12. Qxe3 Bc5 13. Rd1 O-O 14.
O-O b6 15. Rd3 Bb7 16. Qg5 Rfd8 17. Nd5 Bxd5 18. exd5 f6 19. Qg4 Bxd4 20.
Rxd4 e5 21. d6 Qc6 22. Rd3 Rf8 23. Rg3 Rf7 24. Rd1 Re8 25. Qe2 Re6 26. Rgd3
f5 27. Rd5 e4 28. b4 Re8 29. c5 bxc5 30. Rxc5 Qb7 31. Qc4 g6 32. a4 e3 33.
fxe3 Re4 34. Rc8+ Kg7 35. Qc3+ Kh6 36. Rc4 f4 37. Re1 f3 38. Rf1 Qd5 39.
Rd4 Rxd4 40. Qxd4 Qxd4 41. exd4 Rf4 42. b5 axb5 43. axb5 Rxd4 44. Rb1 Rf4
45. b6 Rf8 46. gxf3 Kg5 47. Kf2 Kf5 48. Ke3 Ke5 49. b7 Rb8 50. Rb6 Kd5 51.
Kf4 Kc5 52. Rb2 Kxd6 53. Kg5 Kc7 54. Kh6 Rxb7 55. Rf2 d5 56. Kxh7 Rb6 57.
h4 d4 58. f4 Rd6 59. Kg7 Kc6 60. h5 gxh5 61. f5 d3 62. Rd2 Kc5 63. f6 Kc4
64. f7 Rd8 65. Rh2 Kc3 66. Rxh5 d2 67. Rh1 Kc2 68. f8=Q Rxf8 69. Kxf8 d1=Q
70. Rxd1 Kxd1 1/2-1/2

[Event "10th ECC w"]
[Site "Saint Vincent ITA"]
[Date "2005.09.20"]
[Round "3"]
[White "Prudnikova,S"]
[Black "Sudakova,I"]
[Result "1/2-1/2"]
[WhiteElo "2370"]
[BlackElo "2360"]
[EventDate "2005.09.18"]

1. c4 c6 2. e4 d5 3. exd5 cxd5 4. d4 Nf6 5. Nc3 e6 6. Nf3 Be7 7. cxd5 Nxd5
8. Bd3 Nc6 9. O-O O-O 10. Re1 Nf6 11. a3 b6 12. Bg5 Bb7 13. Bc2 Re8 14. Qd3
g6 15. h4 Nd5 16. Nxd5 Qxd5 17. b4 a5 18. Bb3 Qd8 19. b5 Na7 20. Bxe7 Rxe7
21. Ne5 Rc7 22. Rac1 Rac8 23. Rxc7 Rxc7 24. g3 Nc8 25. h5 Qg5 26. hxg6 hxg6
27. d5 Rc1 28. Rxc1 Qxc1+ 29. Kh2 Qh6+ 30. Kg1 Qc1+ 31. Kh2 Qh6+ 1/2-1/2

[Event "10th ECC w"]
[Site "Saint Vincent ITA"]
[Date "2005.09.20"]
[Round "3"]
[White "Slavina,I"]
[Black "Bojkovic,N"]
[Result "1/2-1/2"]
[WhiteElo "2391"]
[BlackElo "2386"]
[EventDate "2005.09.18"]

1. d4 Nf6 2. c4 e6 3. Nf3 b6 4. Nc3 Bb4 5. Qb3 a5 6. Bg5 Bb7 7. e3 d6 8.
Bd3 h6 9. Bh4 g5 10. Bg3 Ne4 11. O-O-O Bxc3 12. bxc3 Nd7 13. Qc2 Nxg3 14.
hxg3 Qe7 15. Rh2 O-O-O 16. Rdh1 g4 17. Nd2 Qf6 18. Nf1 h5 19. e4 c5 20. Qb2
cxd4 21. cxd4 e5 22. d5 Nc5 23. Bb1 b5 24. cxb5 Kb8 25. Qd2 Rc8 26. Kb2
Na4+ 27. Ka1 Rc4 28. Rxh5 Rhc8 29. Rf5 Qd8 30. Rxf7 Qb6 31. Rhh7 Ba8 32.
Qe3 Qxe3 33. fxe3 Rc1 34. Nd2 Rd1 35. Rf2 1/2-1/2

[Event "10th ECC w"]
[Site "Saint Vincent ITA"]
[Date "2005.09.21"]
[Round "4"]
[White "Kosintseva,N"]
[Black "Ubiennykh,E"]
[Result "1-0"]
[WhiteElo "2490"]
[BlackElo "2348"]
[EventDate "2005.09.18"]

1. e4 e5 2. Nf3 Nf6 3. Nxe5 d6 4. Nf3 Nxe4 5. d4 d5 6. Bd3 Nc6 7. O-O Be7
8. c4 Nb4 9. Be2 O-O 10. a3 Nc6 11. cxd5 Qxd5 12. Nc3 Nxc3 13. bxc3 Bf5 14.
Re1 Bf6 15. Bf4 Rac8 16. Nd2 Na5 17. Bf3 Qd8 18. Ne4 Bxe4 19. Bxe4 g6 20.
Qf3 c6 21. Rad1 Nc4 22. d5 Qa5 23. dxc6 bxc6 24. Bxc6 Bxc3 25. Rf1 Bg7 26.
a4 g5 27. Rc1 Nb6 28. Bd6 Rfd8 29. Be7 Rd4 30. Rc5 Qb4 31. a5 Rf4 32. Rxg5
Rxf3 33. Bxb4 Rxc6 34. gxf3 Nd7 35. Rd1 Rc7 36. Rgd5 Nf8 37. Rd8 Rb7 38.
Bxf8 Bxf8 39. R1d7 Rxd7 40. Rxd7 Bc5 41. f4 Kg7 42. Kg2 Kf6 43. f5 Kg7 44.
f4 Kf6 45. Kf3 Bg1 46. h3 Bc5 47. Ke4 h6 48. Rc7 Bf2 49. Rc6+ Kg7 50. Ke5
Be3 51. Rc7 1-0